| 000 | 00753nam a2200193 i 4500 | ||
|---|---|---|---|
| 001 | 185933 | ||
| 003 | ES-MaACL | ||
| 005 | 20250824074520.0 | ||
| 008 | 160826s1925 sp |||| | spa d | ||
| 100 | 1 |
_aVega, Lope de, _d1562-1635 _9113563 |
|
| 245 | 1 | 3 |
_aEl Marqués de las Navas / _cLope de Vega ; publicada por José F. Montesinos. |
| 260 |
_aMadrid : _bJunta para Ampliación de Estudios e Investigaciones Científicas, Centro de Estudios Históricos, _c1925. |
||
| 300 |
_a214 p. ; _c22 cm. |
||
| 490 | 1 |
_aTeatro antiguo español.Textos y estudios ; _v6 |
|
| 700 | 0 |
_aMontesinos, José F. _982596 |
|
| 830 | 0 | 0 |
_aTeatro antiguo español. _pTextos y estudios _v6 _9192449 |
| 852 |
_aES-MaACL _jB-13195(3) |
||
| 999 |
_c185933 _d185933 |
||